000 00207 a2200097 4500
001 42559
100 _aKaushala R.S
245 _aGallant deeds
260 _aAmbala
_bStandard pub
_c
090 _c26469
_d26469
942 _aNUST-CAE
_cM
_c18301
999 _c277632
_d277632